Yazım kılavuzu (Record no. 1996)

MARC details
000 -BAŞLIK
Sabit Uzunlukta Kontrol Alanı 00572na a2200217 4500
001 - KONTROL NUMARASI
Denetim Alanı 14508
003 - KONTROL NUMARASI IDENTIFIER
Denetim Alanı MIRAKIL
005 - SON İŞLEM TARİHİ VE ZAMANI
Denetim Alanı 20181213154842.0
008 - SABİT-BOY VERİ ELEMANLARI - GENEL BİLGİLER
Sabit Uzunlukta Kontrol Alanı 160829b tu 000 0
020 ## - ULUSLARARASI STANDART KİTAP NUMARASI
Uluslararası Standart Kitap Numarası 9755092757
035 ## - SİSTEM KONTROL NUMARASI
Sistem Kontrol Numarası 14473
040 ## - KATALOGLAMA KAYNAK
Orijinal Kataloglama Ajansı Milas
Kataloglama Dili tur
Metne Dönüştürmek Ajansı TR-AnCHP
082 ## - DEWEY ONLU SINIFLANDIRMA NUMARASI
Sınıflandırma Numarası DAN 411
Ürün Numarası P97y 2001
090 ## - SINIFLAMA NUMARASI
Sınıflama Numarası DAN 411 P97y 2001
100 ## - ANA GİRİŞ - KİŞİSEL İSİM
Kişisel Ad Püsküllüoğlu, Ali
Bir Adıyla İlişkilendirilen Tarihler 1935-
245 ## - BAŞLIK TABLOSU
Başlık Yazım kılavuzu
Sorumluluk Tablosu, Vb Ali Püsküllüoğlu
260 ## - YAYIN, DAĞITIM, VB
Yayın, Dağıtım, Vb Yeri Ankara
Yayıncı, Dağıtıcı, Vs Adı Arkadaş
Yayın, Dağıtım, Vb Tarihi 2001
300 ## - FİZİKSEL TANIM
Kapsam 740 s.
Boyutlar 20 sm.
650 ## - KONU KATMA GİRİŞ - TOPİKAL DÖNEM
Topikal Süreli Veya Coğrafi Ad Giriş Elemanı Türk dili
Genel Alt Bölümü Yazım kılavuzları
942 ## - EKLENDİ GİRİŞ ELEMANLARI (KOHA)
Sınıflandırma Veya Raf Düzeni Kaynak Dewey Decimal Classification
Koha Öğesi Türü Books
999 ## - SİSTEM KONTROL NUMARALARI (KOHA)
Koha Biblionumber 1996
Koha Biblioitemnumber 1996
Holdings
Kalıcı Konum Mevcut Konum Edinme Tarihi Edinim Kaynak Toplam Check-Out'Lar Tam Çağrı Numarası Barkod Tarih Son Görülme İtibaren Geçerli Fiyatlar Koha Öğesi Türü Kopya Sayısı
CHP Kütüphanesi CHP Kütüphanesi 08/29/2016 Bağış   DAN 411 P97y 2001 002505 08/29/2016 08/29/2016 Books  
CHP Kütüphanesi CHP Kütüphanesi 08/29/2016 Bağış   DAN 411 P97y 2001 002506 08/29/2016 08/29/2016 Books k.2